000 00608nam a2200193Ia 4500
005 20250508162056.0
008 008 250505s9999 xx 000 0 eng d
037 _aDissertations
040 _aFEDL
_beng
_cFEDL
041 _aeng
_2eng
084 _a370.95493, PAR/DI
_qFEDL
100 _aPararajasingam G
_9772233
245 0 _aStudy of the growth and development of private tutories in the city of Jaffna, (Sri Lanka)
260 _c1980
300 _av,159p.
546 _aM. Phil Dissertation (Delhi University)
942 _cDIS
_h370.95493, PAR/DI
999 _c1374234
_d1374234